000 004370000a22001690004500
041 0 _aENG
082 0 4 _aG 266.352 H225b
100 1 _aHammond, Robert B.
245 1 0 _aBondservants of the Japanese / Robert B. Hammond
260 _aSan Pedro, CA., USA : Sheffield
300 _a89 Pag
001 7736
942 _cBK
999 _c37941
_d37941
336 _atexto
_btxt
_2rdacontent
337 _2rdamedia
_asin mediación
_bn
338 _2rdacarrier
_avolumen
_bnc